Normal view MARC view
  • American Society of Mechanical Engineers.

Entry Corporate Name

Number of records used in: 7

001 - CONTROL NUMBER

  • control field: 6441

003 - CONTROL NUMBER IDENTIFIER

  • control field: NUST

005 - DATE AND TIME OF LATEST TRANSACTION

  • control field: 20171116104931.0

008 - FIXED-LENGTH DATA ELEMENTS

  • fixed length control field: 171116|| aca||aabn | a|a d

040 ## - CATALOGING SOURCE

  • Original cataloging agency: NUST
  • Transcribing agency: NUST

110 ## - HEADING--CORPORATE NAME

  • Corporate name or jurisdiction name as entry element: American Society of Mechanical Engineers.

670 ## - SOURCE DATA FOUND

  • Source citation: Work cat.: (NUST)0: International Engineering Foundation Conference on Fireside Problems While Incinerating Municipal and Industrial Waste (1989 : Palm Coast, Fla.) 6436, Incinerating municipal and industrial waste :, c1991.
© 2023 Central Library, National University of Sciences and Technology. All Rights Reserved.